Managing the organizational decision process
Uloženo v:
| Hlavní autor: | |
|---|---|
| Médium: | Kniha |
| Jazyk: | Undetermined |
| Vydáno: |
Lexington, Mass
Lexington Books
1973
|
| Témata: | |
| Tagy: |
Přidat tag
Žádné tagy, Buďte první, kdo otaguje tento záznam!
|
| Thư viện lưu trữ: | Trung tâm Học liệu Trường Đại học Cần Thơ |
|---|
| LEADER | 00526nam a2200181Ia 4500 | ||
|---|---|---|---|
| 001 | CTU_87950 | ||
| 008 | 210402s9999 xx 000 0 und d | ||
| 082 | |a 658.403 | ||
| 082 | |b B478 | ||
| 100 | |a Benton, John B. | ||
| 245 | 0 | |a Managing the organizational decision process | |
| 245 | 0 | |c John B. Benton | |
| 260 | |a Lexington, Mass | ||
| 260 | |b Lexington Books | ||
| 260 | |c 1973 | ||
| 650 | |a System analysis,Decision making,Program budgeting | ||
| 904 | |i Năm | ||
| 980 | |a Trung tâm Học liệu Trường Đại học Cần Thơ | ||